What's wrong with work ? : the 5 frustrations of work and how to fix them for good

Bibliographic Details
Main Author: Palmer, Blaire
Format: Book
Published: West Sussex : John Wiley & Sons Ltd. , 2010
Subjects:

MARC

LEADER 00000cam a2200000 7i4500
001 0000153473
005 20120130.0
020 |a 9780470660973 
090 0 0 |a 650.1   |b PAL 
100 1 |a Palmer, Blaire 
245 1 0 |a What's wrong with work ? :   |b the 5 frustrations of work and how to fix them for good   |c Blaire Palmer 
260 |a West Sussex :   |b John Wiley & Sons Ltd. ,   |c 2010 
300 |a 293p. ;   |c 21cm. 
650 0 0 |a Creative ability in business 
650 0 0 |a Success in business 
650 0 0 |a Work and family 
650 0 0 |a Work   |x Psychology aspects 
999 |a 00253895   |b BUKU   |c PINJAMAN   |e PERPUSTAKAAN KOMUNITI PETALING JAYA